LIBRARY & INFORMATION CENTRE, KCAET, TAVANUR

ONLINE PUBLIC ACCESS CATALOGUE (OPAC)

Instant controlled pressure drop assisted extraction of essential oil from cinnamon leaves / (Record no. 18093)

MARC details
000 -LEADER
fixed length control field 00507nam a22001697a 4500
003 - CONTROL NUMBER IDENTIFIER
control field OSt
082 ## - DEWEY DECIMAL CLASSIFICATION NUMBER
Classification number 664
Item number AME/IN
088 ## - REPORT NUMBER
Report number P 615
100 ## - MAIN ENTRY--AUTHOR NAME
Personal name Ameera C
245 ## - TITLE STATEMENT
Title Instant controlled pressure drop assisted extraction of essential oil from cinnamon leaves /
260 ## - PUBLICATION, DISTRIBUTION, ETC. (IMPRINT)
Place of publication Tavanur :
Name of publisher Department of Processing & Food Engineering,
Year of publication 2024.
700 ## - ADDED ENTRY--PERSONAL NAME
Personal name Navya Praveen K
700 ## - ADDED ENTRY--PERSONAL NAME
Personal name Alex K Sani
700 ## - ADDED ENTRY--PERSONAL NAME
Personal name Akash Balakrishnan
700 ## - ADDED ENTRY--PERSONAL NAME
Personal name Prince M V (Guide)
942 ## - ADDED ENTRY ELEMENTS (KOHA)
Koha item type Project Report
Holdings
Collection code Home library Current library Full call number Accession Number Koha item type
Reference KAUAET KAUAET 664 AME/IN P 615 Project Report
free website counter